000 00284nam a22001337a 4500
008 170322b xxu||||| |||| 00| 0 eng d
020 _a9780195145090
041 _aeng
080 _a616.8
100 _a7
101 _aSHM
245 _aBRAVE BRAIN
_cANDREASEN .N.C
942 _2udc
_cBK
999 _c8370
_d8370